MARC

LEADER 00000nam0a2200000 4500
001 328662
005 20231115115523.0
035 |a (RuTPU)RU\TPU\book\354362 
035 |a RU\TPU\book\144756 
090 |a 328662 
100 |a 20170221d1977 k y0rusy50 ca 
101 0 |a rus 
102 |a RU 
105 |a a z 001zy 
200 1 |a Транзисторные преобразователи и системы управления  |e [сборник научных трудов]  |f Всесоюзный научно-исследовательский институт электромеханики (ВНИИЭМ) ; под ред. А. Г. Иосифьяна 
210 |a Москва  |c Изд-во ВНИИЭМ  |d 1977 
215 |a 122 с.  |c ил. 
225 1 |a Труды Всесоюзного научно-исследовательского института электромеханики (ВНИИЭМ)  |v Т. 51 
320 |a Библиогр. в конце ст. 
606 |a Преобразователи электрического тока  |2 stltpush  |3 (RuTPU)RU\TPU\subj\51367  |9 69962 
610 1 |a транзисторные преобразователи 
610 1 |a трехфазные режимы 
610 1 |a многофазные системы 
610 1 |a прецинзионные стабилизаторы 
610 1 |a системы управления 
610 1 |a многопроцессорные системы 
610 1 |a импульсно-фазовое управление 
675 |a 621.314.5  |v 3 
702 1 |a Иосифьян  |b А. Г.  |4 340 
712 0 2 |a Всесоюзный научно-исследовательский институт электромеханики (ВНИИЭМ)  |c (Москва)  |2 stltpush  |3 (RuTPU)RU\TPU\col\11816 
801 1 |a RU  |b 63413507  |c 20080318  |g PSBO 
801 2 |a RU  |b 63413507  |c 20170323  |g PSBO 
942 |c BK